| 000 | 00951nam a2200289 i 4500 | ||
|---|---|---|---|
| 003 | EG-GICUC | ||
| 005 | 20260424085617.0 | ||
| 008 | 260416s1908 fr fr|||| 000 0 fre d | ||
| 040 |
_aEG-GiCUC _bfre _cEG-GiCUC _dEG-GiCUC _eRda |
||
| 082 | 0 | 4 |
_221 _a343.5 _bGr.d |
| 092 | 0 | 4 | _221 |
| 099 | _alaw1 10 343.5 Gr.d 1 ed - 1908 | ||
| 100 | 1 |
_aGrandmoulin.j _eAuteur |
|
| 245 | 1 | 3 |
_aLe Droit Pénal Égyptien : _bIndigène. _cJ. Grandmoulin / _nTome Premier. |
| 264 |
_aLe Caire : _b Imprimerienationale, _c1908. |
||
| 300 |
_a456 page : _c 24 cm. |
||
| 336 |
_2rda contenu _a texte |
||
| 337 |
_2rda medias _aOrdinateur |
||
| 338 |
_2 transporteur rda _a Ressource en ligne |
||
| 504 | _aComprend des références bibliographiques. | ||
| 546 | _aTexte en français | ||
| 650 | 1 | 4 |
_aLe Droit Pénal Égyptien _2qrmak |
| 651 | 1 | _2qrmak | |
| 856 | 4 | 0 | _uhttps://fll.law.cu.edu.eg/fulltext/bks/B10-09535.pdf |
| 905 | _a171 | ||
| 942 |
_2ddc _cBK _e21 _n0 |
||
| 999 |
_c71439 _d71439 |
||